Normal view
MARC view
Entry Personal Name
001 - CONTROL NUMBER
- control field: 16184
003 - CONTROL NUMBER IDENTIFIER
- control field: BD-RjUL
005 - DATE AND TIME OF LATEST TRANSACTION
- control field: 20250722141712.0
008 - FIXED-LENGTH DATA ELEMENTS
- fixed length control field: 250722|| aca||aabn | a|a d
040 ## - CATALOGING SOURCE
- Original cataloging agency: BD-RjUL
- Transcribing agency: BD-RjUL
100 ## - HEADING--PERSONAL NAME
- Personal name: Rohaman, A.F. M. Mijanur
670 ## - SOURCE DATA FOUND
- Source citation: Work cat.: (BD-RjUL)82339: Rohaman, A.F. M. Mijanur , Exploring Secondary English Teachers' Perception on the Application of Sciolinguistric, Discourse and Strategic Competence /, 2022